000 00373nam a2200157Ia 4500
003 OSt
005 20240127144826.0
008 170523s9999 xx 000 0 und d
020 _a978-8184889390
040 _cIIMT UNIVERSITY
100 _aASHWATHAPPA- K
245 0 _aORGANIZATIONAL BEHAVIOUR
260 _bHIMALAYA PUBLICATION HOUSE
260 _c1994
942 _2ddc
_c02
999 _c124
_d124